000 00899nam a2200253Ia 4500
003 OSt
005 20220923211432.0
006 a|||||r|||| 00| 0
007 ta
008 220922b |||||||| |||| 00| 0 hin d
020 _a9789350001394 (hbk)
_c250
024 _a241,772
037 _b445, 18/02/2010, Vani Prakashan
_cTextual
040 _aARTS
_cARTS
_bhin
041 _2hin
_ahin
082 _aO152v, P9
100 _aमिश्र, शिवकुमार
245 0 _aहिन्दी साहित्य
_b संक्षिप्त इतिवøत
246 _aHindī sāhitya: sankṣpunta itivaøta
260 _aनयी दिल्ली
_b वाणी प्रकाशन
_c2009
300 _a158iø0
_ccm.
942 _hO152v, P9
_cTEXL
_2CC
999 _c299478
_d299478